000 01161cab a2200265 4500
001 ABS50644
008 090401t1994 xxu||||| |||| 00| 0 eng d
035 _a(Sirsi) u76844
041 _aeng
100 _aReeds, J.
245 _aPollution control
260 _c1994
350 _a0
490 _aSurveyor
_v181(5290) 5 May 1994, 12-22(10)
520 _aThree articles on emerging omissions or ambiguities in the legislation controlling pollution: the Environmental Protection Act 1990. Takes a critical look at HM Inspectorate of Pollution`s record on Integrated Pollution Control and the problems of regulation in a climate of deregulation. Expresses concern that mine and quarry waste is left outside the scope of the Act and that little weight is given to the control of agricultural waste. Voluntary self-control is seen not to be working.
650 _aAGRICULTURAL WASTE
650 _aENVIRONMENTAL PROTECTION ACT 1990
650 _aINTEGRATED POLLUTION CONTROL
650 _aMINE WASTE
650 _aPOLLUTION CONTROL
650 _aWASTE CONTROL
690 _aENVIRONMENTAL AND LAND CONSULTANCY
942 _n0
948 _c04/03/1997
999 _c48278
_d48278